000 00324nam a22001337a 4500
008 170526b xxu||||| |||| 00| 0 eng d
020 _a0792327373
041 _aeng
080 _a331.103
100 _a27
101 _aIM
245 _aREAL TIME FAULT MONITORING OF INDUSTRIAL PROCESSES
_cPOULIEZOS, A.D
942 _2udc
_cBK
999 _c14486
_d14486